General Principle Of Contract Law In East Africa (Record no. 21500)
[ view plain ]
| 000 -LEADER | |
|---|---|
| fixed length control field | 00428nam a22001457a 4500 |
| 020 ## - INTERNATIONAL STANDARD BOOK NUMBER | |
| International Standard Book Number | 9789976603622 |
| 082 ## - DEWEY DECIMAL CLASSIFICATION NUMBER | |
| Classification number | 346.022 NDI |
| 100 ## - MAIN ENTRY--PERSONAL NAME | |
| Personal name | NDITI,Nicholas.N.N. |
| 9 (RLIN) | 1614 |
| 245 ## - TITLE STATEMENT | |
| Title | General Principle Of Contract Law In East Africa |
| 260 ## - PUBLICATION, DISTRIBUTION, ETC. | |
| Place of publication, distribution, etc. | Dar es salaam |
| Name of publisher, distributor, etc. | N.N.N.Nditi |
| Date of publication, distribution, etc. | 2009 |
| 300 ## - PHYSICAL DESCRIPTION | |
| Extent | xxii,389p. |
| Other physical details | ill,;20cm |
| 500 ## - GENERAL NOTE | |
| General note | Includes Index |
| 650 ## - SUBJECT ADDED ENTRY--TOPICAL TERM | |
| Topical term or geographic name entry element | General Principle Of Contract Law In East Africa |
| 9 (RLIN) | 1615 |
| 942 ## - ADDED ENTRY ELEMENTS (KOHA) | |
| Koha item type | Books |
| Withdrawn status | Lost status | Damaged status | Not for loan | Home library | Current library | Shelving location | Date acquired | Total Checkouts | Full call number | Barcode | Date last seen | Price effective from | Koha item type |
|---|---|---|---|---|---|---|---|---|---|---|---|---|---|
| IFM Dodoma Campus Library | IFM Dodoma Campus Library | Dodoma Center | 07/26/2018 | 346.022 NDI | 0000027818 | 07/26/2018 | 05/18/2022 | Books |
